Дело о передаче для хранения в Императорскую Публичную библиотеку писем тайного советника А.М. Потемкина и жены его к настоятелю...

Доступно только в Электронных читальных залах Найти на картеНа карте
RUSMARC
00003825nmc2a22000003x 450
0010de731bc-59f7-4e18-a4dc-20d986e41ca4
00520180620193820.0
100##$a20160324l18841884k l0rusy0189 ca
1010#$arus
102##$aRU
2001#$aДело о передаче для хранения в Императорскую Публичную библиотеку писем тайного советника А.М. Потемкина и жены его к настоятелю Святогорской Успенской общежительной пустыни архимандриту Герману
$j3 октября - 1 декабря 1884 г.
251##$cДело
300##$aДело
801#0$aRU
$bРГИА
$c20160324
$gRCR
801#1$aRU
$bГлавНИВЦ
$c20160324
$2rusmarc
801#2$aRU
$bПБ им. Б.Н. Ельцина
$c20180620
$gRCR
$2rusmarc
850##$aРГИА
852##$aРГИА
$eФедеральное казенное учреждение "Российский государственный исторический архив" (РГИА)
$j879
937##$hРГИА
$d12194655
$aASBIBLIO_SCAN
462#0$1001bddc07d4-03e3-4f2f-a715-f0b0b4a2fdca
$12001
$aДела по ученым учреждениям Департамента народного просвещения за 1863-1895 гг.
$1251
$cОпись
$1852
$j142
461#0$1001a74412a3-3cc5-4d21-8f0a-dfe2fbd9e72d
$12001
$aДепартамент народного просвещения Министерства народного просвещения (1803-1917)
$1251
$cФонд
$1852
$j733
215##$a8 л.
$d36,5х26 см
371##$aДокумент не является опубликованным и широко распространяемым
105##$ay###
1222#$ad
035##$a0de731bc-59f7-4e18-a4dc-20d986e41ca4
856##$uhttp://readingroom.main.prlib.ru/item.aspx?id_node=n116320771&mode=full
Формат отображения